000 00441nam a22001697a 4500
020 _a0070419736
040 _cNUST
082 _a515.15,AYR
100 _aAyres, frank
_98744
245 _aSchaum's Outlines Calculus /
_cFrank Ayres, JR. Elliott Mendelson
250 _a4th Edition
260 _aLahore
_bJahangir Book depot
_c2004
300 _axi,578p.'
650 _aCalculus
651 _aMath
_9133967
942 _2ddc
_cBK
_k515.5,AYR
999 _c616880
_d616880